000 00208nam a22000857a 4500
008 160912b xxu||||| |||| 00| 0 eng d
100 _9356
_aNCERT
245 _aTeaching of English
260 _aNew Delhi
_bNCERT
_c2006
999 _c3015
_d3015